000 00504nam a2200169Ia 4500
005 20250508152832.0
008 008 250505s9999 xx 000 0 eng d
037 _aBooks to be hide in OPAC
040 _aFEDL
_beng
_cFEDL
041 _aeng
_2eng
084 _a370.75413, UTK/O
_qFEDL
245 0 _aUtkal university : Courses of studies for bachelor of education examination 1956
260 _c1956
300 _a15p.
942 _cHB
_h370.75413, UTK/O
999 _c1339089
_d1339089